NBA First Draft Pick by Team - Statistics

General Stats
  • This quiz has been taken 562 times
    116 since last reset
  • The average score is 15 of 24
Answer Stats
Team Players % Correct
Cavaliers Austin Carr | Brad Daugherty | LeBron James | Kyrie Irving | Anthony Bennett | Andrew Wiggins
97%
76ers Doug Collins | Allen Iverson | Ben Simmons | Markelle Fultz
95%
Bulls Elton Brand | Derrick Rose
89%
Magic Shaquille O'Neal | Chris Webber | Dwight Howard | Paolo Banchero
89%
Pelicans Anthony Davis | Zion Williamson
88%
Bucks Kareem Abdul-Jabbar | Kent Benson | Glenn Robinson | Andrew Bogut
87%
Spurs David Robinson | Tim Duncan | Victor Wembanyama
84%
Lakers Elgin Baylor | Magic Johnson | James Worthy
84%
Timberwolves Karl-Anthony Towns | Anthony Edwards
82%
Rockets Elvin Hayes | John Lucas | Ralph Sampson | Hakeem Olajuwon | Yao Ming
77%
Clippers Danny Manning | Michael Olowokandi | Blake Griffin
76%
Knicks Art Heyman | Jim Barnes | Cazzie Russell | Patrick Ewing
75%
Pistons Jimmy Walker | Bob Lanier | Cade Cunningham
70%
Mavericks Mark Aguirre | Cooper Flagg
66%
Wizards Walt Bellamy | Bill McGill | Kwame Brown | John Wall
63%
Trail Blazers LaRue Martin | Bill Walton | Mychal Thompson | Greg Oden
57%
Suns Deandre Ayton
51%
Hawks Mark Workman | Dick Ricketts | David Thompson | Zaccharie Risacher
42%
Kings Si Green | Hot Rod Hundley | Bob Boozer | Oscar Robertson | Pervis Ellison
42%
Hornets Larry Johnson
30%
Raptors Andrea Bargnani
29%
Nets Derrick Coleman | Kenyon Martin
25%
Warriors Fred Hetzel | Joe Barry Carroll | Joe Smith
9%
Celtics Chuck Share
3%
No matching quizzes found
Score Distribution
Percent of People with Each Score
Percentile by Number Answered
Your Score History
You have not taken this quiz since the last reset